[Event "Deutsche Ländermeisterschaft 2023"]
[Site "Hannover GER"]
[Date "2023.10.04"]
[Round "6"]
[White "Kallweit, Paul"]
[Black "Haubold, Sebastian"]
[Result "1-0"]
[Termination "normal"]
[Board "7.1"]
[WhiteElo "1900"]
[BlackElo "2158"]
[WhiteClock "00:14:59"]
[BlackClock "00:13:13"]
[WhiteTeam "Mecklenburg-Vorpommern"]
[BlackTeam "Sachsen-Anhalt"]
[PlyCount "131"]
[WhiteFideId "16228081"]
[BlackFideId "16259637"]
[EventCountry "GER"]
[EventRounds "7"]
[EventType "team-swiss"]
[EventDate "2023.09.30"]

1. d4 {[%clk 01:30:56]} {[%emt 00:00:03]} Nf6 {[%clk 01:30:32]} {[%emt
00:00:29]} 2. Bf4 {[%clk 01:31:11]} {[%emt 00:00:14]} g6 {[%clk 01:30:44]}
{[%emt 00:00:18]} 3. e3 {[%clk 01:31:07]} {[%emt 00:00:34]} Bg7 {[%clk
01:30:42]} {[%emt 00:00:32]} 4. Nf3 {[%clk 01:31:22]} {[%emt 00:00:15]} O-O
{[%clk 01:30:34]} {[%emt 00:00:38]} 5. Be2 {[%clk 01:31:42]} {[%emt 00:00:10]}
d6 {[%clk 01:30:38]} {[%emt 00:00:27]} 6. h3 {[%clk 01:32:06]} {[%emt
00:00:06]} c5 {[%clk 01:30:28]} {[%emt 00:00:39]} 7. O-O {[%clk 01:32:19]}
{[%emt 00:00:17]} b6 {[%clk 01:30:29]} {[%emt 00:00:29]} 8. a4 {[%clk
01:26:33]} {[%emt 00:06:17]} a6 {[%clk 01:27:22]} {[%emt 00:03:36]} 9. c3
{[%clk 01:24:26]} {[%emt 00:02:37]} Nbd7 {[%clk 01:26:37]} {[%emt 00:01:15]}
10. Nbd2 {[%clk 01:21:27]} {[%emt 00:03:29]} Bb7 {[%clk 01:26:31]} {[%emt
00:00:35]} 11. Bh2 {[%clk 01:20:05]} {[%emt 00:01:52]} Ra7 {[%clk 01:24:34]}
{[%emt 00:02:28]} 12. Qb3 {[%clk 01:15:42]} {[%emt 00:04:53]} Qa8 {[%clk
01:20:58]} {[%emt 00:04:06]} 13. Rfd1 {[%clk 01:00:33]} {[%emt 00:15:39]} Rb8
{[%clk 01:11:51]} {[%emt 00:09:36]} 14. Bc4 {[%clk 00:59:37]} {[%emt 00:01:27]}
Rf8 {[%clk 01:03:55]} {[%emt 00:08:26]} 15. Bf1 {[%clk 00:53:59]} {[%emt
00:06:07]} Ne4 {[%clk 00:57:03]} {[%emt 00:07:23]} 16. Nxe4 {[%clk 00:43:56]}
{[%emt 00:10:33]} Bxe4 {[%clk 00:57:05]} {[%emt 00:00:27]} 17. d5 {[%clk
00:37:00]} {[%emt 00:07:26]} Bxf3 {[%clk 00:49:58]} {[%emt 00:07:37]} 18. gxf3
{[%clk 00:37:23]} {[%emt 00:00:08]} Qb7 {[%clk 00:43:58]} {[%emt 00:06:30]} 19.
c4 {[%clk 00:34:24]} {[%emt 00:03:28]} a5 {[%clk 00:42:20]} {[%emt 00:02:08]}
20. Bg2 {[%clk 00:30:58]} {[%emt 00:03:56]} Qc8 {[%clk 00:35:18]} {[%emt
00:07:32]} 21. Rf1 {[%clk 00:28:38]} {[%emt 00:02:50]} Rb7 {[%clk 00:33:54]}
{[%emt 00:01:54]} 22. Rae1 {[%clk 00:26:01]} {[%emt 00:03:06]} f5 {[%clk
00:32:10]} {[%emt 00:02:15]} 23. f4 {[%clk 00:19:08]} {[%emt 00:07:23]} Nf6
{[%clk 00:29:56]} {[%emt 00:02:44]} 24. Bf3 {[%clk 00:12:50]} {[%emt 00:06:48]}
h6 {[%clk 00:24:45]} {[%emt 00:05:41]} 25. Qc2 {[%clk 00:10:48]} {[%emt
00:02:33]} g5 {[%clk 00:24:11]} {[%emt 00:01:04]} 26. fxg5 {[%clk 00:09:11]}
{[%emt 00:02:06]} hxg5 {[%clk 00:21:28]} {[%emt 00:03:13]} 27. Be2 {[%clk
00:08:37]} {[%emt 00:01:05]} f4 {[%clk 00:16:26]} {[%emt 00:05:32]} 28. exf4
{[%clk 00:06:59]} {[%emt 00:02:08]} gxf4 {[%clk 00:16:07]} {[%emt 00:00:49]}
29. Kg2 {[%clk 00:06:29]} {[%emt 00:01:00]} Kf7 {[%clk 00:12:37]} {[%emt
00:03:59]} 30. Bf3 {[%clk 00:05:57]} {[%emt 00:01:03]} Rh8 {[%clk 00:12:40]}
{[%emt 00:00:27]} 31. Re6 {[%clk 00:06:01]} {[%emt 00:00:24]} Rh4 {[%clk
00:09:12]} {[%emt 00:03:59]} 32. Qf5 {[%clk 00:05:56]} {[%emt 00:00:34]} Qg8
{[%clk 00:06:46]} {[%emt 00:02:58]} 33. Bxf4 {[%clk 00:05:55]} {[%emt
00:00:31]} Bh6+ {[%clk 00:06:29]} {[%emt 00:00:47]} 34. Bg3 {[%clk 00:06:14]}
{[%emt 00:00:11]} Bf4 {[%clk 00:01:24]} {[%emt 00:05:35]} 35. Kh2 {[%clk
00:06:02]} {[%emt 00:00:42]} Bxg3+ {[%clk 00:01:29]} {[%emt 00:00:25]} 36. fxg3
{[%clk 00:06:27]} {[%emt 00:00:05]} Rh6 {[%clk 00:01:55]} {[%emt 00:00:04]} 37.
Bh5+ {[%clk 00:04:41]} {[%emt 00:02:17]} Kg7 {[%clk 00:01:51]} {[%emt
00:00:33]} 38. Qg5+ {[%clk 00:04:16]} {[%emt 00:00:55]} Kh7 {[%clk 00:02:11]}
{[%emt 00:00:11]} 39. Qxg8+ {[%clk 00:04:23]} {[%emt 00:00:23]} Kxg8 {[%clk
00:02:34]} {[%emt 00:00:07]} 40. Be2 {[%clk 00:04:34]} {[%emt 00:00:18]} Rg6
{[%clk 00:00:40]} {[%emt 00:02:24]} 41. Bd3 {[%clk 00:02:57]} {[%emt 00:02:07]}
Rg7 {[%clk 00:29:50]} {[%emt 00:01:21]} 42. Bf5 {[%clk 00:31:25]} {[%emt
00:02:01]} Rb8 {[%clk 00:29:07]} {[%emt 00:01:12]} 43. g4 {[%clk 00:31:34]}
{[%emt 00:00:21]} Rf8 {[%clk 00:29:01]} {[%emt 00:00:36]} 44. Rfe1 {[%clk
00:31:30]} {[%emt 00:00:35]} Rff7 {[%clk 00:28:59]} {[%emt 00:00:32]} 45. R1e2
{[%clk 00:29:56]} {[%emt 00:02:04]} Kf8 {[%clk 00:26:23]} {[%emt 00:03:06]} 46.
R6e3 {[%clk 00:29:39]} {[%emt 00:00:47]} Ke8 {[%clk 00:25:32]} {[%emt
00:01:20]} 47. Rf2 {[%clk 00:23:34]} {[%emt 00:06:36]} Rf8 {[%clk 00:19:57]}
{[%emt 00:06:05]} 48. Rb3 {[%clk 00:22:11]} {[%emt 00:01:51]} Kd8 {[%clk
00:17:00]} {[%emt 00:03:29]} 49. Rxb6 {[%clk 00:21:24]} {[%emt 00:01:17]} Kc7
{[%clk 00:17:22]} {[%emt 00:00:07]} 50. Rb5 {[%clk 00:20:03]} {[%emt 00:01:51]}
Ne4 {[%clk 00:16:42]} {[%emt 00:01:11]} 51. Re2 {[%clk 00:19:48]} {[%emt
00:00:44]} Ng5 {[%clk 00:17:02]} {[%emt 00:00:12]} 52. Kg3 {[%clk 00:18:49]}
{[%emt 00:01:29]} Ra8 {[%clk 00:13:58]} {[%emt 00:03:33]} 53. h4 {[%clk
00:17:31]} {[%emt 00:01:48]} Nh7 {[%clk 00:14:20]} {[%emt 00:00:09]} 54. Bxh7
{[%clk 00:16:48]} {[%emt 00:01:14]} Rxh7 {[%clk 00:14:48]} {[%emt 00:00:02]}
55. Rf2 {[%clk 00:15:40]} {[%emt 00:01:37]} Rah8 {[%clk 00:12:45]} {[%emt
00:02:34]} 56. h5 {[%clk 00:16:02]} {[%emt 00:00:09]} Kc8 {[%clk 00:11:46]}
{[%emt 00:01:28]} 57. Kh4 {[%clk 00:15:57]} {[%emt 00:00:35]} Kc7 {[%clk
00:12:08]} {[%emt 00:00:08]} 58. Rxa5 {[%clk 00:15:54]} {[%emt 00:00:33]} Kb6
{[%clk 00:12:29]} {[%emt 00:00:09]} 59. Rb5+ {[%clk 00:16:18]} {[%emt
00:00:06]} Ka6 {[%clk 00:12:52]} {[%emt 00:00:06]} 60. Rb3 {[%clk 00:15:56]}
{[%emt 00:00:53]} Ka5 {[%clk 00:12:59]} {[%emt 00:00:24]} 61. Rff3 {[%clk
00:15:48]} {[%emt 00:00:38]} Rh6 {[%clk 00:12:29]} {[%emt 00:01:00]} 62. Rb7
{[%clk 00:15:50]} {[%emt 00:00:27]} R6h7 {[%clk 00:12:37]} {[%emt 00:00:22]}
63. Re3 {[%clk 00:15:10]} {[%emt 00:01:10]} Rf7 {[%clk 00:12:35]} {[%emt
00:00:31]} 64. Rbxe7 {[%clk 00:14:52]} {[%emt 00:00:49]} Rf1 {[%clk 00:12:56]}
{[%emt 00:00:08]} 65. Re8 {[%clk 00:14:44]} {[%emt 00:00:39]} Rh7 {[%clk
00:13:13]} {[%emt 00:00:13]} 66. R3e7 {[%clk 00:14:59]} {[%emt 00:00:14]} 1-0

[Event "Deutsche Ländermeisterschaft 2023"]
[Site "Hannover GER"]
[Date "2023.10.04"]
[Round "6"]
[White "Pikalow, Michael"]
[Black "Herrmann, Jakob"]
[Result "1-0"]
[Termination "normal"]
[Board "7.2"]
[WhiteElo "2035"]
[BlackElo "2071"]
[WhiteClock "00:23:56"]
[BlackClock "00:10:05"]
[WhiteTeam "Sachsen-Anhalt"]
[BlackTeam "Mecklenburg-Vorpommern"]
[PlyCount "111"]
[WhiteFideId "16227638"]
[BlackFideId "16287169"]
[EventCountry "GER"]
[EventRounds "7"]
[EventType "team-swiss"]
[EventDate "2023.09.30"]

1. e4 {[%clk 01:30:38]} {[%emt 00:00:22]} c6 {[%clk 01:30:51]} {[%emt
00:00:09]} 2. d4 {[%clk 01:29:59]} {[%emt 00:01:09]} d5 {[%clk 01:31:09]}
{[%emt 00:00:12]} 3. e5 {[%clk 01:30:16]} {[%emt 00:00:13]} Bf5 {[%clk
01:31:30]} {[%emt 00:00:08]} 4. Nc3 {[%clk 01:30:40]} {[%emt 00:00:07]} e6
{[%clk 01:31:21]} {[%emt 00:00:39]} 5. g4 {[%clk 01:31:01]} {[%emt 00:00:08]}
Bg6 {[%clk 01:31:14]} {[%emt 00:00:38]} 6. Nge2 {[%clk 01:30:14]} {[%emt
00:01:17]} c5 {[%clk 01:28:12]} {[%emt 00:03:32]} 7. h4 {[%clk 01:29:36]}
{[%emt 00:01:07]} h6 {[%clk 01:24:48]} {[%emt 00:03:55]} 8. f4 {[%clk
01:24:32]} {[%emt 00:05:34]} Nc6 {[%clk 01:21:14]} {[%emt 00:04:04]} 9. Be3
{[%clk 01:18:28]} {[%emt 00:06:33]} Qb6 {[%clk 01:12:10]} {[%emt 00:09:35]} 10.
f5 {[%clk 00:47:48]} {[%emt 00:31:10]} Bh7 {[%clk 01:12:24]} {[%emt 00:00:16]}
11. Qd2 {[%clk 00:44:36]} {[%emt 00:03:42]} c4 {[%clk 01:01:11]} {[%emt
00:11:43]} 12. Nf4 {[%clk 00:42:32]} {[%emt 00:02:33]} O-O-O {[%clk 00:55:50]}
{[%emt 00:05:52]} 13. Bg2 {[%clk 00:33:06]} {[%emt 00:09:56]} Nb4 {[%clk
00:48:48]} {[%emt 00:07:32]} 14. a3 {[%clk 00:30:21]} {[%emt 00:03:15]} Na6
{[%clk 00:49:03]} {[%emt 00:00:14]} 15. b3 {[%clk 00:27:23]} {[%emt 00:03:28]}
cxb3 {[%clk 00:48:02]} {[%emt 00:01:31]} 16. cxb3 {[%clk 00:27:24]} {[%emt
00:00:29]} Nc7 {[%clk 00:48:01]} {[%emt 00:00:31]} 17. O-O {[%clk 00:25:41]}
{[%emt 00:02:13]} h5 {[%clk 00:32:53]} {[%emt 00:15:39]} 18. fxe6 {[%clk
00:23:26]} {[%emt 00:02:45]} fxe6 {[%clk 00:33:12]} {[%emt 00:00:11]} 19. Nxh5
{[%clk 00:22:41]} {[%emt 00:01:14]} Nh6 {[%clk 00:30:11]} {[%emt 00:03:31]} 20.
Bxh6 {[%clk 00:16:41]} {[%emt 00:06:30]} gxh6 {[%clk 00:30:35]} {[%emt
00:00:07]} 21. b4 {[%clk 00:15:34]} {[%emt 00:01:38]} Kb8 {[%clk 00:27:03]}
{[%emt 00:04:02]} 22. Nf6 {[%clk 00:14:08]} {[%emt 00:01:55]} Bg7 {[%clk
00:20:52]} {[%emt 00:06:40]} 23. Na4 {[%clk 00:12:21]} {[%emt 00:02:17]} Qc6
{[%clk 00:19:50]} {[%emt 00:01:33]} 24. Nb2 {[%clk 00:09:21]} {[%emt 00:03:30]}
Nb5 {[%clk 00:12:22]} {[%emt 00:07:58]} 25. Rac1 {[%clk 00:05:43]} {[%emt
00:04:08]} Qb6 {[%clk 00:10:29]} {[%emt 00:02:23]} 26. Rf4 {[%clk 00:06:11]}
{[%emt 00:00:02]} Be4 {[%clk 00:08:55]} {[%emt 00:02:04]} 27. Rc5 {[%clk
00:04:41]} {[%emt 00:02:00]} Bf8 {[%clk 00:06:00]} {[%emt 00:03:25]} 28. Na4
{[%clk 00:01:34]} {[%emt 00:03:37]} Qa6 {[%clk 00:06:16]} {[%emt 00:00:14]} 29.
Nc3 {[%clk 00:00:37]} {[%emt 00:01:27]} Bxc5 {[%clk 00:06:13]} {[%emt
00:00:33]} 30. bxc5 {[%clk 00:00:50]} {[%emt 00:00:17]} Bxg2 {[%clk 00:06:16]}
{[%emt 00:00:27]} 31. Nxb5 {[%clk 00:01:00]} {[%emt 00:00:20]} Qxb5 {[%clk
00:06:28]} {[%emt 00:00:18]} 32. Kxg2 {[%clk 00:01:28]} {[%emt 00:00:02]} b6
{[%clk 00:04:58]} {[%emt 00:01:59]} 33. Qb4 {[%clk 00:00:58]} {[%emt 00:01:00]}
Qxb4 {[%clk 00:04:12]} {[%emt 00:01:17]} 34. axb4 {[%clk 00:01:27]} bxc5 {[%clk
00:04:20]} {[%emt 00:00:21]} 35. bxc5 {[%clk 00:01:37]} {[%emt 00:00:20]} Kc7
{[%clk 00:02:36]} {[%emt 00:02:15]} 36. g5 {[%clk 00:01:28]} {[%emt 00:00:38]}
hxg5 {[%clk 00:02:58]} {[%emt 00:00:08]} 37. hxg5 {[%clk 00:01:57]} {[%emt
00:00:01]} Rhg8 {[%clk 00:00:37]} {[%emt 00:02:51]} 38. Nxg8 {[%clk 00:01:46]}
{[%emt 00:00:41]} Rxg8 {[%clk 00:01:06]} {[%emt 00:00:02]} 39. Rg4 {[%clk
00:01:14]} {[%emt 00:01:01]} a5 {[%clk 00:00:32]} {[%emt 00:01:04]} 40. Kf3
{[%clk 00:01:22]} {[%emt 00:00:22]} a4 {[%clk 00:00:44]} {[%emt 00:00:18]} 41.
Rg1 {[%clk 00:27:54]} {[%emt 00:03:57]} Kc6 {[%clk 00:13:19]} {[%emt 00:17:55]}
42. Kg4 {[%clk 00:27:07]} {[%emt 00:01:17]} Kb5 {[%clk 00:12:56]} {[%emt
00:00:53]} 43. Kh5 {[%clk 00:26:55]} {[%emt 00:00:42]} Kc4 {[%clk 00:12:54]}
{[%emt 00:00:33]} 44. Rd1 {[%clk 00:26:33]} {[%emt 00:00:52]} a3 {[%clk
00:11:17]} {[%emt 00:02:08]} 45. g6 {[%clk 00:25:53]} {[%emt 00:01:10]} a2
{[%clk 00:11:27]} {[%emt 00:00:19]} 46. Kh6 {[%clk 00:25:13]} {[%emt 00:01:10]}
Rb8 {[%clk 00:11:48]} {[%emt 00:00:09]} 47. Ra1 {[%clk 00:24:53]} {[%emt
00:00:51]} Kxd4 {[%clk 00:12:02]} {[%emt 00:00:15]} 48. c6 {[%clk 00:24:45]}
{[%emt 00:00:39]} Kxe5 {[%clk 00:11:20]} {[%emt 00:01:12]} 49. c7 {[%clk
00:25:11]} {[%emt 00:00:03]} Rc8 {[%clk 00:11:44]} {[%emt 00:00:06]} 50. g7
{[%clk 00:25:35]} {[%emt 00:00:06]} d4 {[%clk 00:11:44]} {[%emt 00:00:30]} 51.
Rxa2 {[%clk 00:24:58]} {[%emt 00:01:06]} d3 {[%clk 00:11:54]} {[%emt 00:00:20]}
52. Rb2 {[%clk 00:23:26]} {[%emt 00:02:02]} Kf5 {[%clk 00:09:19]} {[%emt
00:03:05]} 53. Rb8 {[%clk 00:23:27]} {[%emt 00:00:30]} d2 {[%clk 00:09:42]}
{[%emt 00:00:06]} 54. Rxc8 {[%clk 00:23:54]} {[%emt 00:00:03]} d1=Q {[%clk
00:10:06]} {[%emt 00:00:06]} 55. Rf8+ {[%clk 00:23:50]} {[%emt 00:00:35]} Ke5
{[%clk 00:10:05]} {[%emt 00:00:31]} 56. g8=Q {[%clk 00:23:56]} {[%emt
00:00:24]} 1-0

[Event "Deutsche Ländermeisterschaft 2023"]
[Site "Hannover GER"]
[Date "2023.10.04"]
[Round "6"]
[White "Großmann, Piet"]
[Black "Herter, Arne"]
[Result "1-0"]
[Termination "normal"]
[Board "7.3"]
[WhiteElo "1904"]
[BlackElo "2039"]
[WhiteClock "00:31:51"]
[BlackClock "00:34:28"]
[WhiteTeam "Mecklenburg-Vorpommern"]
[BlackTeam "Sachsen-Anhalt"]
[PlyCount "71"]
[WhiteFideId "16234359"]
[BlackFideId "16255372"]
[EventCountry "GER"]
[EventRounds "7"]
[EventType "team-swiss"]
[EventDate "2023.09.30"]

1. e4 {[%clk 01:30:58]} {[%emt 00:00:01]} e5 {[%clk 01:30:55]} {[%emt
00:00:05]} 2. Nf3 {[%clk 01:31:25]} {[%emt 00:00:04]} Nc6 {[%clk 01:31:19]}
{[%emt 00:00:05]} 3. d4 {[%clk 01:31:51]} {[%emt 00:00:04]} exd4 {[%clk
01:31:43]} {[%emt 00:00:07]} 4. Bc4 {[%clk 01:32:10]} {[%emt 00:00:12]} Nf6
{[%clk 01:32:02]} {[%emt 00:00:10]} 5. e5 {[%clk 01:32:29]} {[%emt 00:00:11]}
d5 {[%clk 01:32:25]} {[%emt 00:00:06]} 6. Bb5 {[%clk 01:32:50]} {[%emt
00:00:10]} Ne4 {[%clk 01:32:47]} {[%emt 00:00:09]} 7. Nxd4 {[%clk 01:33:03]}
{[%emt 00:00:17]} Bd7 {[%clk 01:33:04]} {[%emt 00:00:12]} 8. Bxc6 {[%clk
01:33:26]} {[%emt 00:00:07]} bxc6 {[%clk 01:33:30]} {[%emt 00:00:05]} 9. O-O
{[%clk 01:33:17]} {[%emt 00:00:39]} Bc5 {[%clk 01:33:48]} {[%emt 00:00:11]} 10.
f3 {[%clk 01:32:24]} {[%emt 00:01:23]} Ng5 {[%clk 01:34:12]} {[%emt 00:00:06]}
11. f4 {[%clk 01:32:50]} {[%emt 00:00:05]} Ne4 {[%clk 01:34:37]} {[%emt
00:00:05]} 12. Be3 {[%clk 01:33:14]} {[%emt 00:00:05]} Bb6 {[%clk 01:34:59]}
{[%emt 00:00:07]} 13. Nd2 {[%clk 01:32:02]} {[%emt 00:01:43]} Nxd2 {[%clk
01:35:22]} {[%emt 00:00:07]} 14. Qxd2 {[%clk 01:32:28]} {[%emt 00:00:04]} c5
{[%clk 01:35:42]} {[%emt 00:00:10]} 15. Nf3 {[%clk 01:32:28]} {[%emt 00:00:30]}
d4 {[%clk 01:36:07]} {[%emt 00:00:05]} 16. Bf2 {[%clk 01:32:52]} {[%emt
00:00:06]} Bc6 {[%clk 01:36:30]} {[%emt 00:00:07]} 17. Bh4 {[%clk 01:33:17]}
{[%emt 00:00:05]} Qd7 {[%clk 01:36:51]} {[%emt 00:00:09]} 18. c4 {[%clk
01:28:16]} {[%emt 00:05:30]} dxc3 {[%clk 01:30:03]} {[%emt 00:07:19]} 19. Qxc3
{[%clk 01:26:52]} {[%emt 00:01:55]} O-O {[%clk 01:28:52]} {[%emt 00:01:40]} 20.
Bf2 {[%clk 01:20:35]} {[%emt 00:06:47]} Qe7 {[%clk 01:20:17]} {[%emt 00:09:06]}
21. Rac1 {[%clk 01:17:21]} {[%emt 00:03:44]} Bb5 {[%clk 01:12:36]} {[%emt
00:08:11]} 22. Rfe1 {[%clk 01:16:39]} {[%emt 00:01:12]} c4 {[%clk 01:04:42]}
{[%emt 00:08:24]} 23. Nd4 {[%clk 01:03:58]} {[%emt 00:13:11]} Ba6 {[%clk
00:59:22]} {[%emt 00:05:49]} 24. Qg3 {[%clk 01:02:19]} {[%emt 00:02:10]} Rfd8
{[%clk 00:53:12]} {[%emt 00:06:41]} 25. Nc6 {[%clk 00:57:31]} {[%emt 00:05:17]}
Qe6 {[%clk 00:50:19]} {[%emt 00:03:22]} 26. Nxd8 {[%clk 00:57:43]} {[%emt
00:00:19]} Rxd8 {[%clk 00:50:47]} {[%emt 00:00:02]} 27. Bxb6 {[%clk 00:52:04]}
{[%emt 00:06:09]} axb6 {[%clk 00:50:41]} {[%emt 00:00:35]} 28. Qf3 {[%clk
00:48:02]} {[%emt 00:04:32]} g6 {[%clk 00:42:40]} {[%emt 00:08:31]} 29. Red1
{[%clk 00:42:22]} {[%emt 00:06:11]} Rd3 {[%clk 00:34:37]} {[%emt 00:08:34]} 30.
Qa8+ {[%clk 00:38:47]} {[%emt 00:04:04]} Bc8 {[%clk 00:33:59]} {[%emt
00:01:08]} 31. Rxd3 {[%clk 00:37:05]} {[%emt 00:02:12]} cxd3 {[%clk 00:34:23]}
{[%emt 00:00:06]} 32. Rxc7 {[%clk 00:36:32]} {[%emt 00:01:03]} d2 {[%clk
00:34:19]} {[%emt 00:00:33]} 33. Rxc8+ {[%clk 00:35:31]} {[%emt 00:01:32]} Kg7
{[%clk 00:34:40]} {[%emt 00:00:09]} 34. Rg8+ {[%clk 00:35:54]} {[%emt
00:00:06]} Kh6 {[%clk 00:35:05]} {[%emt 00:00:05]} 35. Qd8 {[%clk 00:36:20]}
{[%emt 00:00:04]} f6 {[%clk 00:34:28]} {[%emt 00:01:07]} 36. Rh8 {[%clk
00:31:51]} {[%emt 00:05:00]} 1-0

[Event "Deutsche Ländermeisterschaft 2023"]
[Site "Hannover GER"]
[Date "2023.10.04"]
[Round "6"]
[White "Udelnov, Valentin"]
[Black "Schulz, Bruno Andreas"]
[Result "1-0"]
[Termination "normal"]
[Board "7.4"]
[WhiteElo "2054"]
[BlackElo "1737"]
[WhiteClock "00:28:37"]
[BlackClock "01:06:55"]
[WhiteTeam "Sachsen-Anhalt"]
[BlackTeam "Mecklenburg-Vorpommern"]
[PlyCount "61"]
[WhiteFideId "16265734"]
[BlackFideId "34618473"]
[EventCountry "GER"]
[EventRounds "7"]
[EventType "team-swiss"]
[EventDate "2023.09.30"]

1. e4 {[%clk 01:30:56]} {[%emt 00:00:03]} c5 {[%clk 01:30:57]} {[%emt
00:00:04]} 2. Nf3 {[%clk 01:31:20]} {[%emt 00:00:05]} e6 {[%clk 01:31:24]}
{[%emt 00:00:04]} 3. d4 {[%clk 01:31:36]} {[%emt 00:00:13]} cxd4 {[%clk
01:31:49]} {[%emt 00:00:05]} 4. Nxd4 {[%clk 01:32:01]} {[%emt 00:00:04]} a6
{[%clk 01:32:14]} {[%emt 00:00:06]} 5. Bd3 {[%clk 01:31:57]} {[%emt 00:00:32]}
Qc7 {[%clk 01:32:38]} {[%emt 00:00:09]} 6. O-O {[%clk 01:31:56]} {[%emt
00:00:29]} b5 {[%clk 01:32:45]} {[%emt 00:00:24]} 7. a4 {[%clk 01:30:02]}
{[%emt 00:02:24]} b4 {[%clk 01:32:47]} {[%emt 00:00:28]} 8. Nd2 {[%clk
01:27:39]} {[%emt 00:02:52]} Bc5 {[%clk 01:30:46]} {[%emt 00:02:31]} 9. N2b3
{[%clk 01:23:44]} {[%emt 00:04:25]} Ba7 {[%clk 01:30:10]} {[%emt 00:01:06]} 10.
Bd2 {[%clk 01:16:13]} {[%emt 00:08:01]} Nc6 {[%clk 01:28:57]} {[%emt 00:01:43]}
11. Nxc6 {[%clk 01:14:37]} {[%emt 00:02:06]} dxc6 {[%clk 01:29:15]} {[%emt
00:00:12]} 12. Bxb4 {[%clk 01:14:35]} {[%emt 00:00:32]} Bb6 {[%clk 01:25:51]}
{[%emt 00:03:54]} 13. Qg4 {[%clk 01:08:27]} {[%emt 00:06:38]} Ne7 {[%clk
01:24:22]} {[%emt 00:01:59]} 14. Bxe7 {[%clk 00:56:26]} {[%emt 00:12:32]} Kxe7
{[%clk 01:18:27]} {[%emt 00:06:25]} 15. Qxg7 {[%clk 00:51:57]} {[%emt
00:04:59]} Bb7 {[%clk 01:18:41]} {[%emt 00:00:17]} 16. Qg5+ {[%clk 00:44:45]}
{[%emt 00:07:42]} Kf8 {[%clk 01:17:44]} {[%emt 00:01:26]} 17. Nc5 {[%clk
00:43:58]} {[%emt 00:01:17]} h6 {[%clk 01:15:57]} {[%emt 00:02:17]} 18. Qf6
{[%clk 00:43:30]} {[%emt 00:00:57]} Bxc5 {[%clk 01:16:04]} {[%emt 00:00:24]}
19. Qxh8+ {[%clk 00:43:10]} {[%emt 00:00:50]} Ke7 {[%clk 01:16:30]} {[%emt
00:00:04]} 20. Qc3 {[%clk 00:35:41]} {[%emt 00:07:59]} Bd6 {[%clk 01:16:09]}
{[%emt 00:00:51]} 21. f4 {[%clk 00:33:48]} {[%emt 00:02:23]} Rg8 {[%clk
01:12:07]} {[%emt 00:04:32]} 22. e5 {[%clk 00:32:05]} {[%emt 00:02:13]} Qb6+
{[%clk 01:12:22]} {[%emt 00:00:15]} 23. Kh1 {[%clk 00:32:25]} {[%emt 00:00:09]}
Bc5 {[%clk 01:12:44]} {[%emt 00:00:08]} 24. a5 {[%clk 00:31:35]} {[%emt
00:01:20]} Qa7 {[%clk 01:12:54]} {[%emt 00:00:20]} 25. Be4 {[%clk 00:30:58]}
{[%emt 00:01:07]} h5 {[%clk 01:09:43]} {[%emt 00:03:41]} 26. Rad1 {[%clk
00:30:08]} {[%emt 00:01:20]} Be3 {[%clk 01:06:34]} {[%emt 00:03:39]} 27. Qd3
{[%clk 00:27:25]} {[%emt 00:03:14]} Bc5 {[%clk 01:05:53]} {[%emt 00:01:11]} 28.
Qd7+ {[%clk 00:27:44]} {[%emt 00:00:10]} Kf8 {[%clk 01:06:18]} {[%emt
00:00:06]} 29. Qd8+ {[%clk 00:28:10]} {[%emt 00:00:04]} Kg7 {[%clk 01:06:38]}
{[%emt 00:00:09]} 30. Qf6+ {[%clk 00:28:37]} {[%emt 00:00:03]} Kf8 {[%clk
01:06:55]} {[%emt 00:00:14]} 31. Rd8# {[%emt 00:00:18]} 1-0